000
00290nam a2200109 a 4500
005
20140414131918.0
008
101021s19uu xx 00 eng d
050
_a
ER
_b
W72 1997
245
_a
Winnie the Pooh and the honey tree.
260
_a
Austalia :
_b
Walt Disney,
_c
1997.
999
_c
111602
_d
111602